Every Song by Deftones - Statistics

General Stats
  • This quiz has been taken 182 times
    54 since last reset
  • The average score is 56 of 119
Answer Stats
Album Song % Correct
Around the Fur(1997) My Own Summer (Shove It)
85%
White Pony(2000) Change (In the House of Flies)
82%
Diamond Eyes(2010) Sextape
82%
White Pony(2000) Digital Bath
79%
Around the Fur(1997) Mascara
79%
Around the Fur(1997) Be Quiet and Drive (Far Away)
77%
Saturday Night Wrist(2006) Cherry Waves
77%
Diamond Eyes(2010) Diamond Eyes
77%
Around the Fur(1997) Around the Fur
74%
Adrenaline(1995) 7 Words
72%
White Pony(2000) Knife Party
72%
White Pony(2000) Passenger
72%
White Pony(Bonus)(2000) Back to School (Mini Maggit)
69%
Adrenaline(1995) Bored
69%
Koi No Yokan(2012) Entombed
69%
Saturday Night Wrist(2006) Hole in the Earth
69%
Ohms(2020) Ohms
69%
Koi No Yokan(2012) Rosemary
69%
Adrenaline(1995) Engine No. 9
67%
private music(2025) my mind is a mountain
67%
White Pony(2000) Pink Maggit
67%
Around the Fur(1997) Lhabia
64%
Around the Fur(1997) MX
64%
Gore(2016) Gore
62%
private music(2025) milk of the madonna
62%
Around the Fur(1997) Headup
59%
Deftones(2003) Minerva
59%
Koi No Yokan(2012) Swerve City
59%
Around the Fur(1997) Dai the Flu
56%
Saturday Night Wrist(2006) Mein
56%
Deftones(2003) Needles and Pins
56%
Adrenaline(1995) Root
56%
White Pony(2000) Rx Queen
56%
Diamond Eyes(2010) Beauty School
54%
Saturday Night Wrist(2006) Beware
54%
White Pony(2000) Teenager
54%
Saturday Night Wrist(2006) Kimdracula
51%
White Pony(2000) Korea
51%
Saturday Night Wrist(2006) Pink Cellphone
51%
Around the Fur(1997) Rickets
51%
Diamond Eyes(2010) Risk
51%
White Pony(2000) Street Carp
51%
Saturday Night Wrist(2006) Xerces
51%
Diamond Eyes(2010) 976-EVIL
49%
private music(2025) cXz
49%
White Pony(2000) Feiticeira
49%
private music(2025) I think about you all the time
49%
Koi No Yokan(2012) Leathers
49%
Adrenaline(1995) Nosebleed
49%
Diamond Eyes(2010) You've Seen the Butcher
49%
Deftones(2003) Battle-Axe
46%
Adrenaline(1995) Fireal
46%
Adrenaline(Hidden)(1995) Fist
46%
Ohms(2020) Genesis
46%
Gore(2016) (L)MIRL
46%
private music(2025) locked club
46%
Diamond Eyes(2010) Rocket Skates
46%
Koi No Yokan(2012) Tempest
46%
Ohms(2020) The Spell of Mathematics
46%
Saturday Night Wrist(2006) Combat
44%
private music(2025) cut hands
44%
Deftones(2003) Hexagram
44%
Adrenaline(1995) Lifter
44%
Around the Fur(1997) Lotion
44%
Adrenaline(1995) Minus Blindfold
44%
Adrenaline(1995) One Weak
44%
Saturday Night Wrist(2006) Rats!Rats!Rats!
44%
Saturday Night Wrist(2006) Rivière
44%
Deftones(2003) Anniversary of an Uninteresting Event
41%
Adrenaline(1995) Birthmark
41%
private music(2025) departing the body
41%
Saturday Night Wrist(Bonus)(2006) Drive
41%
White Pony(2000) Elite
41%
Koi No Yokan(2012) Gauze
41%
Koi No Yokan(2012) Goon Squad
41%
Ohms(2020) Headless
41%
Deftones(2003) Moana
41%
Gore(2016) Phantom Bride
41%
Deftones(2003) When Girls Telephone Boys
41%
Gore(2016) Acid Hologram
38%
Gore(2016) Hearts / Wires
38%
private music(2025) infinite source
38%
Ohms(2020) Pompeji
38%
Gore(2016) Prayers / Triangles
38%
Saturday Night Wrist(2006) U,U,D,D,L,R,L,R,A,B,Select,Start
38%
Diamond Eyes(2010) CMND/CTRL
36%
private music(2025) ecdysis
36%
Deftones(2003) Lucky You
36%
private music(2025) ~metal dream
36%
Koi No Yokan(2012) Poltergeist
36%
Saturday Night Wrist(2006) Rapture
36%
Koi No Yokan(2012) Romantic Dreams
36%
Koi No Yokan(2012) What Happened to You?
36%
Deftones(2003) Bloody Cape
33%
Ohms(2020) Ceremony
33%
Around the Fur(Hidden)(1997) Damone
33%
Deftones(2003) Deathblow
33%
Gore(2016) Doomed User
33%
Deftones(2003) Good Morning Beautiful
33%
Diamond Eyes(2010) Royal
33%
private music(2025) souvenir
33%
Ohms(2020) This Link is Dead
33%
Diamond Eyes(2010) This Place is Death
33%
Ohms(2020) Error
31%
Gore(2016) Geometric Headdress
31%
Diamond Eyes(2010) Prince
31%
Ohms(2020) Radiant City
31%
Ohms(2020) Urantia
31%
White Pony(Bonus)(2000) The Boy's Republic
28%
Gore(2016) Xenon
28%
Gore(2016) Pittura Infamante
26%
Gore(2016) Rubicon
26%
Koi No Yokan(2012) Graphic Nature
23%
Non-Album(2003) Lovers
23%
Around the Fur(Hidden)(1997) Bong Hit
21%
Non-Album(1996) Teething
21%
B-Sides & Rarities(2005) Crenshaw Punch/I'll Throw Rocks at You
18%
B-Sides & Rarities(2005) Black Moon
15%
Non-Album(1996) Can't Even Breathe
10%
No matching quizzes found
Score Distribution
Percent of People with Each Score
Percentile by Number Answered
Your Score History
You have not taken this quiz since the last reset